| 000 | 00591nam a22001697a 4500 | ||
|---|---|---|---|
| 003 | SGT | ||
| 020 | _a9788123911915 | ||
| 082 | _a532,BES | ||
| 100 | _aBESANT,W.H | ||
| 245 | _aA TREATISE ON HYDRO MECHANICS PART-2 | ||
| 250 | _a1ST | ||
| 260 |
_aNEW DELHI _bCBS PUBLISHER _c2006 |
||
| 300 | _a415 | ||
| 650 | _aFLUID MECHANICS; LIQUID MECHANICS | ||
| 653 | _aKINEMATICS, EQUATIONS OF MOTION, PARTICULAR METHODS AND APPLICATIONS, GENERAL THEORY OF IR ROTATIONAL MOTION, SPECIAL PROBLEMS OF IRROTATIONAL MOTION IN TWO DIMENSIONS, IR ROTATIONAL MOTION IN THREE DIMENSIONS | ||
| 942 |
_2ddc _cFPS |
||
| 999 |
_c9309 _d9309 |
||